Growing High Numbers Spelled - Statistics

General Stats
  • This quiz has been taken 8 times
  • The average score is 17 of 37
Answer Stats
Amount of
Zeros
Answer % Correct
2 Hundred
100%
0 One
100%
1 Ten
100%
3 Thousand
100%
9 Billion
88%
6 Million
88%
30 Nonillion
88%
27 Octillion
88%
15 Quadrillion
88%
24 Septillion
88%
21 Sextillion
88%
12 Trillion
88%
18 Quintillion
75%
33 Decillion
63%
39 Duodecillion
50%
42 Tredecillion
50%
36 Undecillion
50%
100 Googol
38%
45 Quattuordecillion
25%
48 Quindecillion
25%
99 Duotrigintillion
13%
69 Duovigintillion
13%
90 Novemvigintillion
13%
60 Novendecillion
13%
57 Octodecillion
13%
87 Octovigintillion
13%
75 Quattuorvigintillion
13%
78 Quinvigintillion
13%
51 Sedecillion
13%
84 Septemvigintillion
13%
54 Septendecillion
13%
72 Tresvigintillion
13%
93 Trigintillion
13%
96 Untrigintillion
13%
66 Unvigintillion
13%
63 Vigintillion
13%
81 Sesvigintillion
0%
No matching quizzes found
Score Distribution
Percent of People with Each Score
Percentile by Number Answered
Your Score History
You have not taken this quiz